Personnage mystère #44 - Statistiques

Statistiques générales
  • Ce quiz a été pris 72 fois
  • Le résultat moyen est 3 sur 7
Statistiques - réponses
Lettres Indices % Correct
ÉRÉGUEXN Généreux
71%
BILESSEN Sensible
49%
PATINACEI Capitaine
41%
PIFUSIML Impulsif
35%
LOLOQAUCIE Alcoolique
25%
ÉROCEQUIL Colérique
25%
Nom du personnage Archibald Haddock
19%
Aucun quiz correspondant
Distribution des résultats
% des personnes avec chaque résultat
Percentile par nombre de réponses
Votre historique - résultats
Vous n’avez pas pris ce quiz